[Event "Cracovia 2008 op A"]
[Site "Krakow"]
[Date "2008.12.29"]
[Round "4.30"]
[White "Tofil, Borys"]
[Black "Galazewski, Tomasz"]
[Result "1/2-1/2"]
[WhiteElo "2132"]
[BlackElo "2245"]
[PlyCount "99"]
[EventDate "2008.??.??"]

1. e4 c5 2. Nf3 d6 3. d4 cxd4 4. Nxd4 Nf6 5. Nc3 Nc6 6. Be2 e5 7. Nb3 Be7 8.
O-O O-O 9. f4 a5 10. a4 Nb4 11. Bf3 Be6 12. Be3 exf4 13. Bxf4 Nxc2 14. Qxc2
Qb6+ 15. Qf2 Qxb3 16. Rad1 Rfd8 17. Rd2 Rac8 18. Rfd1 Qb4 19. Kh1 Ne8 20. Rd4
Qb3 21. R1d3 Qb6 22. Be3 Qa6 23. Be2 Bf6 24. Nd5 Bxd5 25. Rxd5 Rc2 26. e5 Be7
27. Rd2 Rxd2 28. Rxd2 Qc6 29. Bb5 Qc1+ 30. Qg1 Qxg1+ 31. Kxg1 Nc7 32. exd6 Rxd6
33. Rxd6 Bxd6 34. Bc4 Ne6 35. Bd2 Bc5+ 36. Kf1 b6 37. g3 Kf8 38. b3 Ke7 39. Bc3
g6 40. Kg2 Kd6 41. Kf3 f5 42. Bb2 Ng5+ 43. Kf4 Nh3+ 44. Kf3 h5 45. Bc1 g5 46.
Kg2 g4 47. Bf7 Ke5 48. Bxh5 Ke4 49. Be8 Nf2 50. Bg6 1/2-1/2

[Event "Cracovia 2008 op A"]
[Site "Krakow"]
[Date "2008.12.29"]
[Round "4.31"]
[White "Duhayon, Yves"]
[Black "Muc, Marcin"]
[Result "1-0"]
[WhiteElo "2237"]
[BlackElo "2139"]
[PlyCount "79"]
[EventDate "2008.??.??"]

1. d4 d5 2. c4 e6 3. Nf3 Nf6 4. Bg5 Be7 5. Nc3 O-O 6. Rc1 Nbd7 7. e3 c6 8. Qc2
Re8 9. a3 dxc4 10. Bxc4 Nd5 11. Bxe7 Qxe7 12. Rd1 Nxc3 13. Qxc3 a6 14. O-O c5
15. e4 b5 16. Ba2 c4 17. Bb1 Bb7 18. Rfe1 Nb6 19. Qe3 Red8 20. Bc2 Rac8 21. d5
Na8 22. dxe6 Qxe6 23. e5 Bxf3 24. Qxf3 Rxd1 25. Rxd1 Re8 26. Qe4 g6 27. f4 f6
28. Rd6 Qxd6 29. exd6 Rxe4 30. Bxe4 Nb6 31. Bb7 Kf7 32. Bxa6 Na4 33. Bxb5 Nxb2
34. Kf2 Nd1+ 35. Ke1 Ne3 36. Kd2 Nxg2 37. a4 Nxf4 38. a5 Ke6 39. a6 c3+ 40. Kc2
1-0

[Event "Cracovia 2008 op A"]
[Site "Krakow"]
[Date "2008.12.29"]
[Round "4.32"]
[White "Deriabina, Svetlana"]
[Black "Kalvaitis, Sigitas"]
[Result "0-1"]
[WhiteElo "2066"]
[BlackElo "2230"]
[PlyCount "102"]
[EventDate "2008.??.??"]

1. d4 e6 2. e4 d5 3. Nd2 c5 4. exd5 Qxd5 5. Ngf3 cxd4 6. Bc4 Qd6 7. O-O Nf6 8.
Nb3 Nc6 9. Nbxd4 Nxd4 10. Nxd4 a6 11. c3 Qc7 12. Bb3 Bd6 13. h3 Bd7 14. Bg5
O-O-O 15. Ba4 Qa5 16. Bxd7+ Rxd7 17. Bxf6 gxf6 18. Qe2 Rg8 19. f4 Bc5 20. Kh1
Bxd4 21. cxd4 Rxd4 22. Qc2+ Kb8 23. Qxh7 Rg3 24. Kh2 Rdd3 25. Qh4 Rg6 26. Rf2
f5 27. Rc1 Qxa2 28. Qe7 Qb3 29. Qh4 Rg8 30. Qh7 Rdg3 31. Rcc2 Ka7 32. Qh5 R8g7
33. Rcd2 Qe3 34. Qh4 f6 35. Rde2 Qb3 36. Rc2 e5 37. fxe5 fxe5 38. Rce2 f4 39.
Qh5 R7g5 40. Qh8 Qd5 41. Rd2 Rd3 42. Rde2 f3 43. Qf6 e4 44. gxf3 Rf5 45. fxe4
Rxh3+ 46. Kxh3 Qd3+ 47. Kh2 Rxf6 48. Rxf6 Qxe2+ 49. Kg3 Qxe4 50. Rf2 a5 51. Rd2
Qe3+ 0-1

[Event "Cracovia 2008 op A"]
[Site "Krakow"]
[Date "2008.12.29"]
[Round "4.33"]
[White "Shilov, Sergej"]
[Black "Czarnecki, Wojciech"]
[Result "1/2-1/2"]
[WhiteElo "2229"]
[BlackElo "2132"]
[PlyCount "36"]
[EventDate "2008.??.??"]

1. e4 c6 2. d4 d5 3. exd5 cxd5 4. c4 Nf6 5. Nc3 e6 6. Nf3 Be7 7. Bg5 O-O 8. Bd3
Nc6 9. O-O Nb4 10. Be2 dxc4 11. Bxc4 b6 12. a3 Ba6 13. Bxa6 Nxa6 14. Ne5 Qd6
15. Qf3 Nd5 16. Nb5 Qd8 17. Nc6 Qd7 18. Nxe7+ Nxe7 1/2-1/2

[Event "Cracovia 2008 op A"]
[Site "Krakow"]
[Date "2008.12.29"]
[Round "4.34"]
[White "Galyga, Zbigniew"]
[Black "Pietrzak, Wojciech"]
[Result "1-0"]
[WhiteElo "2204"]
[BlackElo "1912"]
[PlyCount "63"]
[EventDate "2008.??.??"]

1. Nf3 d5 2. d4 c5 3. c4 e6 4. e3 Nf6 5. Bd3 Nc6 6. O-O Be7 7. b3 dxc4 8. bxc4
cxd4 9. exd4 Nxd4 10. Bb2 Nxf3+ 11. Qxf3 Qb6 12. Be5 Bd7 13. Nc3 Bc6 14. Qe2
Qa5 15. Rab1 a6 16. Rb3 Nd7 17. Bd4 Nc5 18. Bxc5 Qxc5 19. Ne4 Qe5 20. f4 Qd4+
21. Kh1 Rd8 22. Bc2 Qa7 23. f5 Ba4 24. Rxb7 Qxb7 25. Bxa4+ Kf8 26. fxe6 f6 27.
Qh5 g6 28. Qh6+ Kg8 29. Bc2 Rf8 30. c5 Qd5 31. Nd6 Qxe6 32. Bb3 1-0

[Event "Cracovia 2008 op A"]
[Site "Krakow"]
[Date "2008.12.29"]
[Round "4.35"]
[White "Klekowski, Maciej"]
[Black "Starczewska, Dominika"]
[Result "1-0"]
[WhiteElo "2201"]
[BlackElo "1842"]
[PlyCount "83"]
[EventDate "2008.??.??"]

1. Nf3 Nf6 2. d4 d5 3. c4 e6 4. Nc3 Bb4 5. a3 Bxc3+ 6. bxc3 Ne4 7. Qb3 O-O 8.
e3 Nc6 9. Bd3 f5 10. cxd5 exd5 11. O-O Kh8 12. c4 dxc4 13. Qxc4 Qd6 14. Qc2 Qe7
15. Rb1 Rf6 16. d5 Nd8 17. Bb2 Rh6 18. Be5 c6 19. Bxe4 fxe4 20. Qxe4 cxd5 21.
Qxd5 Be6 22. Qb5 Bd7 23. Qb4 Qe8 24. Bf4 Rb6 25. Qd2 Rxb1 26. Rxb1 Bc6 27. Ne5
Ne6 28. Nxc6 Qxc6 29. Bg3 Rd8 30. Qb2 Qd5 31. h3 Nc5 32. Qe5 Qxe5 33. Bxe5 Kg8
34. Bd4 b6 35. Bxc5 bxc5 36. Rb7 Rc8 37. Rxa7 c4 38. Rd7 c3 39. Rd1 Kf7 40. Kf1
Ra8 41. Ra1 Rb8 42. Ke2 1-0

[Event "Cracovia 2008 op A"]
[Site "Krakow"]
[Date "2008.12.29"]
[Round "4.36"]
[White "Pietruszewski, Marcin"]
[Black "Slabek, Grzegorz"]
[Result "1/2-1/2"]
[WhiteElo "2027"]
[BlackElo "2192"]
[PlyCount "157"]
[EventDate "2008.??.??"]

1. e4 d5 2. exd5 Nf6 3. d4 Nxd5 4. c4 Nb6 5. Nc3 e5 6. Be3 exd4 7. Qxd4 Qxd4 8.
Bxd4 Nc6 9. O-O-O Nxd4 10. Rxd4 c6 11. Nf3 Bc5 12. Re4+ Kf8 13. Nd4 g6 14. Nb3
f5 15. Re5 Bd6 16. Re1 Bb4 17. Kc2 Bd7 18. a3 Be7 19. c5 Nd5 20. Bc4 Nxc3 21.
Kxc3 Re8 22. Kc2 Bf6 23. Rxe8+ Kxe8 24. Re1+ Kd8 25. Re2 f4 26. Nd2 Bf5+ 27.
Ne4 Re8 28. f3 Kc7 29. Bd3 a5 30. b4 axb4 31. axb4 Bd4 32. Nc3 Bxd3+ 33. Kxd3
Be3 34. Nd1 Rd8+ 35. Kc2 Bd4 36. Re7+ Kb8 37. Rxh7 Be3 38. Nxe3 fxe3 39. g3
Rd2+ 40. Kc3 Kc8 41. Re7 Rxh2 42. Rxe3 Kd7 43. Kd3 Rf2 44. Ke4 Ke6 45. Kf4+ Kf6
46. Kg4 Rd2 47. Re4 g5 48. f4 gxf4 49. Rxf4+ Kg6 50. Re4 Kf6 51. Kf4 Rd1 52. g4
Rf1+ 53. Ke3 Rb1 54. Kd3 Rd1+ 55. Kc2 Rg1 56. Kb3 Rb1+ 57. Kc2 Rg1 58. Rd4 Ke5
59. Rd7 Rxg4 60. Rxb7 Kd5 61. Kb3 Rg3+ 62. Ka4 Rg1 63. Ka5 Kc4 64. Rh7 Rg6 65.
Rh4+ Kd5 66. Kb6 Rf6 67. Rh1 Kc4 68. b5 cxb5+ 69. c6 b4 70. Rc1+ Kb3 71. Kb5
Rf5+ 72. Rc5 Rf8 73. c7 Rc8 74. Rc6 Ka3 75. Kc4 b3 76. Kc3 Ka4 77. Kc4 Ka3 78.
Kc3 Ka4 79. Rc4+ 1/2-1/2

[Event "Cracovia 2008 op A"]
[Site "Krakow"]
[Date "2008.12.29"]
[Round "4.37"]
[White "Goslawski, Michal"]
[Black "Sadzikowski, Daniel"]
[Result "0-1"]
[WhiteElo "1902"]
[BlackElo "2178"]
[PlyCount "126"]
[EventDate "2008.??.??"]

1. d4 Nf6 2. c4 e6 3. g3 d5 4. Bg2 Be7 5. Nf3 O-O 6. O-O dxc4 7. Qc2 a6 8. Qxc4
b5 9. Qc2 Bb7 10. Bd2 Ra7 11. Rc1 Be4 12. Qb3 Nc6 13. e3 Qa8 14. Qd1 b4 15. a3
a5 16. axb4 axb4 17. Rxa7 Qxa7 18. Ne5 Bxg2 19. Kxg2 Na5 20. Qa4 Qb7+ 21. Kg1
Ra8 22. Nd7 Nxd7 23. Qxd7 c5 24. Qxb7 Nxb7 25. e4 h5 26. Be3 Ra1 27. Kg2 c4 28.
Rxc4 Rxb1 29. Rc7 Nd6 30. Rxe7 Nxe4 31. d5 exd5 32. Re8+ Kh7 33. Bd4 Rd1 34.
Be3 Rd3 35. Rd8 Kg6 36. Kf3 Rb3 37. Rxd5 Nf6 38. Rg5+ Kh7 39. Ke2 Rxb2+ 40. Kd3
Rb1 41. Rb5 b3 42. Bd4 Kg6 43. h4 Rd1+ 44. Ke3 Ng4+ 45. Ke4 f5+ 46. Kd5 Nf6+
47. Ke5 Rd3 48. Rb6 Kh7 49. Rb7 Kh6 50. Be3+ Kg6 51. Bd4 Kh7 52. Rb4 Kg6 53.
Rb7 Ne4 54. Kd5 Nd2 55. Kc5 f4 56. gxf4 Kf5 57. Bxg7 Ne4+ 58. Kc4 Rf3 59. Be5
Kg4 60. Kd5 Nxf2 61. Ke6 Nd3 62. Rg7+ Kxh4 63. Rb7 Nc5+ 0-1

[Event "Cracovia 2008 op A"]
[Site "Krakow"]
[Date "2008.12.29"]
[Round "4.38"]
[White "Picard, Romain"]
[Black "Zakoscielna, Kinga"]
[Result "1-0"]
[WhiteElo "2371"]
[BlackElo "2147"]
[PlyCount "97"]
[EventDate "2008.??.??"]

1. e4 c5 2. Nf3 d6 3. Bb5+ Bd7 4. Bxd7+ Nxd7 5. c4 Ngf6 6. Nc3 g6 7. d4 cxd4 8.
Nxd4 Bg7 9. O-O Rc8 10. b3 a6 11. Bb2 O-O 12. Qe2 e5 13. Nf3 Nc5 14. Rad1 Qc7
15. Nd5 Nxd5 16. Rxd5 f5 17. exf5 gxf5 18. Rfd1 Rcd8 19. Ba3 Ne4 20. Qe1 b6 21.
Nh4 Nc5 22. Bxc5 bxc5 23. Qd2 Qe7 24. g3 Rf6 25. Rxc5 f4 26. Rc6 Kh8 27. Qd5
fxg3 28. hxg3 Rdf8 29. Rf1 e4 30. Ng2 Bh6 31. Re1 Re6 32. c5 e3 33. fxe3 Qf6
34. Rxd6 Qf2+ 35. Kh2 Rxd6 36. cxd6 Rf5 37. Qd4+ Bg7 38. Qg4 Be5 39. d7 Bxg3+
40. Kh3 Bc7 41. Qd4+ Kg8 42. d8=Q+ Bxd8 43. Qxd8+ Kg7 44. Qd4+ Kh6 45. Nh4 Rf3+
46. Nxf3 Qxf3+ 47. Kh4 Qf2+ 48. Kg4 Qxe1 49. Qf6# 1-0

[Event "Cracovia 2008 op A"]
[Site "Krakow"]
[Date "2008.12.29"]
[Round "4.39"]
[White "Andersen, Lars Even"]
[Black "Kupczyk, Edyta"]
[Result "1/2-1/2"]
[WhiteElo "2262"]
[BlackElo "2123"]
[PlyCount "87"]
[EventDate "2008.??.??"]

1. Nf3 Nf6 2. c4 g6 3. Nc3 Bg7 4. g3 d6 5. Bg2 O-O 6. O-O e5 7. d3 Nc6 8. Rb1
a5 9. a3 h6 10. b4 axb4 11. axb4 Be6 12. b5 Ne7 13. Nd2 Qc8 14. Re1 Bh3 15. Bh1
Ng4 16. Nd5 Nxd5 17. Bxd5 Kh8 18. Bb2 f5 19. e3 g5 20. Bh1 f4 21. exf4 gxf4 22.
Ne4 Qf5 23. Qe2 fxg3 24. hxg3 Qh5 25. f3 Nf6 26. Ra1 Nxe4 27. Qxe4 Qg5 28. Kf2
Bf5 29. Qe3 Qg6 30. Rxa8 Rxa8 31. d4 exd4 32. Bxd4 Ra2+ 33. Re2 Rxe2+ 34. Kxe2
Be6 35. Bxg7+ Kxg7 36. Qc3+ Kf7 37. f4 Qh5+ 38. Bf3 Qh2+ 39. Kd1 Qg1+ 40. Kd2
Qf2+ 41. Kd1 Qf1+ 42. Kd2 Qf2+ 43. Kd1 Qf1+ 44. Kd2 1/2-1/2

[Event "Cracovia 2008 op A"]
[Site "Krakow"]
[Date "2008.12.29"]
[Round "4.40"]
[White "Veltkamp, Gerben"]
[Black "Vasylius, Kestutis"]
[Result "1-0"]
[WhiteElo "2221"]
[BlackElo "2105"]
[PlyCount "53"]
[EventDate "2008.??.??"]

1. d4 f5 2. c4 e6 3. Nc3 Nf6 4. e3 Bb4 5. Bd3 O-O 6. Nge2 b6 7. Qc2 Bb7 8. O-O
Nc6 9. f4 Bxc3 10. bxc3 Na5 11. c5 Be4 12. Ng3 Bxd3 13. Qxd3 d5 14. cxd6 cxd6
15. e4 g6 16. Ba3 Re8 17. d5 exd5 18. exf5 Nc4 19. Bc1 b5 20. fxg6 Qb6+ 21. Kh1
Ng4 22. Qxd5+ Kh8 23. g7+ Kxg7 24. Qg5+ Kh8 25. Qxg4 b4 26. f5 d5 27. Qd4+ 1-0

[Event "Cracovia 2008 op A"]
[Site "Krakow"]
[Date "2008.12.29"]
[Round "4.41"]
[White "Markowski, Piotr"]
[Black "Roubalik, Jakub"]
[Result "0-1"]
[WhiteElo "2145"]
[BlackElo "2216"]
[PlyCount "73"]
[EventDate "2008.??.??"]

1. c4 Nf6 2. Nc3 e6 3. e4 d5 4. e5 d4 5. exf6 dxc3 6. bxc3 Qxf6 7. d4 c5 8. Nf3
h6 9. Rb1 Bd6 10. Bd3 Nd7 11. O-O O-O 12. Nd2 Qd8 13. Ne4 Be7 14. Bc2 f5 15.
Ng3 Nf6 16. Re1 Qc7 17. d5 f4 18. Ne4 Nxe4 19. Bxe4 e5 20. Qh5 Bd6 21. Qg6 Rf6
22. Qh7+ Kf7 23. Bf3 Bf5 24. Bh5+ Rg6 25. Bxf4 Kf6 26. Bxe5+ Bxe5 27. f4 Rxg2+
28. Kxg2 Bxh7 29. fxe5+ Kg5 30. d6 Qd8 31. Bf3 Bxb1 32. Rxb1 Kf5 33. Re1 Qg5+
34. Kf1 Ke6 35. Bxb7 Rf8+ 36. Ke2 Kxe5 37. d7 0-1

[Event "Cracovia 2008 op A"]
[Site "Krakow"]
[Date "2008.12.29"]
[Round "4.42"]
[White "Jakubiec, Edyta"]
[Black "Demidowicz, Maria"]
[Result "1-0"]
[WhiteElo "2214"]
[BlackElo "2093"]
[PlyCount "47"]
[EventDate "2008.??.??"]

1. e4 c5 2. Nf3 d6 3. d4 cxd4 4. Nxd4 Nf6 5. Nc3 a6 6. Bg5 e6 7. f4 Nbd7 8. Qf3
Qc7 9. O-O-O b5 10. Bd3 Bb7 11. Rhe1 O-O-O 12. f5 Ne5 13. Qh3 b4 14. fxe6 Kb8
15. Bxf6 bxc3 16. Bxd8 cxb2+ 17. Kb1 Qxd8 18. exf7 Qb6 19. Bf1 Nxf7 20. Re3 Ka7
21. Rb3 Qc7 22. Ne6 Qc6 23. Qe3+ Ka8 24. Rc3 1-0

[Event "Cracovia 2008 op A"]
[Site "Krakow"]
[Date "2008.12.29"]
[Round "4.43"]
[White "Hansen, Victor"]
[Black "Pazderski, Ziemowit"]
[Result "0-1"]
[WhiteElo "2112"]
[BlackElo "2209"]
[PlyCount "66"]
[EventDate "2008.??.??"]

1. e4 d5 2. exd5 Qxd5 3. Nc3 Qd6 4. d4 Nf6 5. Bc4 a6 6. Nge2 b5 7. Bb3 Bb7 8.
Bf4 Qd8 9. O-O e6 10. Re1 b4 11. Na4 Nbd7 12. c4 bxc3 13. bxc3 Bd6 14. Bxd6
cxd6 15. d5 e5 16. Nd4 Qc7 17. f4 O-O 18. fxe5 Nxe5 19. Nf5 Bc8 20. Ne3 Bd7 21.
Qd4 Rab8 22. Rac1 a5 23. Rf1 Rfe8 24. Nf5 Bxf5 25. Rxf5 Neg4 26. h3 Re4 27. Qd3
Qa7+ 28. Kh1 Nf2+ 29. Rxf2 Qxf2 30. Rf1 Re1 31. Rxe1 Qxe1+ 32. Kh2 Re8 33. c4
Re3 0-1

[Event "Cracovia 2008 op A"]
[Site "Krakow"]
[Date "2008.12.29"]
[Round "4.44"]
[White "Siwiec, Arkadiusz"]
[Black "Muter, Donny"]
[Result "0-1"]
[WhiteElo "2095"]
[BlackElo "2190"]
[PlyCount "120"]
[EventDate "2008.??.??"]

1. e4 c6 2. d4 d5 3. Nc3 dxe4 4. Nxe4 Bf5 5. Ng3 Bg6 6. h4 h6 7. Nf3 Nf6 8. h5
Bh7 9. Bd3 Bxd3 10. Qxd3 e6 11. Bd2 Nbd7 12. O-O-O Qc7 13. Qe2 O-O-O 14. Ne5
Nb6 15. Ba5 c5 16. Rh4 Rd5 17. Bxb6 axb6 18. c4 Rxd4 19. Rhxd4 cxd4 20. Rxd4
Bc5 21. Rd2 Rd8 22. Rxd8+ Kxd8 23. f4 Bd6 24. Qd3 Ke7 25. Ne4 Bxe5 26. fxe5
Qxe5 27. Qa3+ Kd7 28. Qa4+ Kc7 29. Nc3 Qg5+ 30. Kb1 Qf5+ 31. Kc1 Qf1+ 32. Kc2
Qxg2+ 33. Kb3 Nd7 34. Qa8 Nc5+ 35. Ka3 Nd3 36. Na4 Qg3 37. c5 Nxc5+ 38. Nc3 Ne4
39. Kb3 Nxc3 40. bxc3 f5 41. Qf8 Qe5 42. Qe7+ Kb8 43. Qf8+ Ka7 44. Qa3+ Qa5 45.
Qf8 f4 46. Qxf4 Qxh5 47. Qa4+ Qa5 48. Qg4 Qd5+ 49. Kb2 Qb5+ 50. Ka1 g5 51. Qxe6
h5 52. Qe4 g4 53. Qf4 Ka6 54. Qf8 Ka7 55. Qf4 Qd7 56. Qf8 Qd1+ 57. Kb2 Qe2+ 58.
Kb3 g3 59. c4 Qe3+ 60. Kc2 g2 0-1

[Event "Cracovia 2008 op A"]
[Site "Krakow"]
[Date "2008.12.29"]
[Round "4.45"]
[White "Marzano, Carlo"]
[Black "Hansen, Knut"]
[Result "1-0"]
[WhiteElo "2188"]
[BlackElo "2076"]
[PlyCount "77"]
[EventDate "2008.??.??"]

1. Nf3 c5 2. d4 cxd4 3. Qxd4 Nc6 4. Qh4 g6 5. e4 Bg7 6. Bd3 d6 7. Nc3 a6 8. a4
e6 9. Qxd8+ Nxd8 10. Bf4 e5 11. Be3 Ne7 12. Nd2 Be6 13. Nc4 Bxc4 14. Bxc4 Ne6
15. O-O-O O-O-O 16. Nd5 Nxd5 17. Bxd5 Rd7 18. b3 Nf4 19. g3 Nxd5 20. Rxd5 Re8
21. Rhd1 Re6 22. c4 Bf8 23. Kb2 Rc7 24. Kc3 f5 25. f3 fxe4 26. fxe4 Rf7 27. Bb6
Kd7 28. b4 Rf3+ 29. R5d3 Rxd3+ 30. Rxd3 Rf6 31. b5 Rf1 32. h3 Ke6 33. bxa6 bxa6
34. Kb4 d5+ 35. Ka5 dxe4 36. Re3 Rf3 37. Kxa6 Kd7 38. Kb7 Bg7 39. c5 1-0

[Event "Cracovia 2008 op A"]
[Site "Krakow"]
[Date "2008.12.29"]
[Round "4.46"]
[White "Kielczewski, Krzysztof"]
[Black "Motor, Marta"]
[Result "1-0"]
[WhiteElo "2185"]
[BlackElo "2065"]
[PlyCount "85"]
[EventDate "2008.??.??"]

1. Nc3 e5 2. Nf3 d6 3. d4 exd4 4. Nxd4 Nf6 5. Bg5 Be7 6. Qd2 O-O 7. O-O-O Nc6
8. e4 Nxd4 9. Qxd4 a6 10. f3 b5 11. e5 Ne8 12. Bxe7 Qxe7 13. Qe4 Ra7 14. exd6
cxd6 15. Qxe7 Rxe7 16. a4 bxa4 17. Nxa4 Rc7 18. Rd4 Bb7 19. Nc3 Rc5 20. Ne4
Bxe4 21. fxe4 Ra5 22. b4 Ra1+ 23. Kb2 Re1 24. g3 Nf6 25. Bg2 Re2 26. Bf1 Re1
27. Bg2 Re2 28. Bf3 Rf2 29. Bd1 Rc8 30. Re1 Rxh2 31. Rxd6 h6 32. e5 Nh5 33. Re3
Rh1 34. Kb3 Re8 35. c4 Rh3 36. Bxh5 Rxh5 37. Rxa6 Rhxe5 38. Rxe5 Rxe5 39. Ra8+
Kh7 40. b5 Re1 41. c5 h5 42. c6 Rc1 43. Ra2 1-0

[Event "Cracovia 2008 op A"]
[Site "Krakow"]
[Date "2008.12.29"]
[Round "4.47"]
[White "Dragun, Kamil"]
[Black "Wiewiora, Eneasz"]
[Result "0-1"]
[WhiteElo "2174"]
[BlackElo "2044"]
[PlyCount "62"]
[EventDate "2008.??.??"]

1. e4 e6 2. d4 d5 3. Nc3 Bb4 4. e5 c5 5. a3 Bxc3+ 6. bxc3 Ne7 7. Qg4 O-O 8. Bd3
f5 9. exf6 Rxf6 10. Bg5 Nd7 11. Bxf6 Nxf6 12. Qf4 Qa5 13. Ne2 c4 14. O-O cxd3
15. cxd3 Bd7 16. Rfb1 b6 17. h3 Rc8 18. g4 Rc6 19. Re1 Qa6 20. Qe3 Qc8 21. f4
Qe8 22. Kh1 h5 23. g5 Nf5 24. Qf2 Nh7 25. h4 Nf8 26. Ng3 Qf7 27. Nxf5 Qxf5 28.
Qf3 Rxc3 29. Rad1 Ng6 30. Qg3 Rxa3 31. Rd2 Rc3 0-1

[Event "Cracovia 2008 op A"]
[Site "Krakow"]
[Date "2008.12.29"]
[Round "4.48"]
[White "Baumann, Dariusz"]
[Black "Warakomska, Anna"]
[Result "0-1"]
[WhiteElo "2074"]
[BlackElo "2169"]
[PlyCount "152"]
[EventDate "2008.??.??"]

1. e4 c5 2. Nf3 e6 3. d4 cxd4 4. Nxd4 a6 5. Bd3 Nf6 6. O-O Qc7 7. c4 d6 8. Nc3
Be7 9. Be3 O-O 10. Rc1 Nbd7 11. f4 Re8 12. b4 b6 13. g4 Nf8 14. g5 N6d7 15. h4
Bb7 16. h5 Qd8 17. Qg4 Ne5 18. Qe2 Nxd3 19. Qxd3 e5 20. Nf5 exf4 21. Rxf4 Bxg5
22. Rg4 h6 23. Bxg5 hxg5 24. Qg3 Ne6 25. Nd5 Rf8 26. Rf1 b5 27. cxb5 axb5 28.
Rf2 Ra6 29. h6 f6 30. hxg7 Nxg7 31. Nh6+ Kh7 32. Qh3 Ra3 33. Qxa3 Kxh6 34. Qh3+
Kg6 35. Ne3 Rh8 36. Qf3 Qe7 37. Nf5 Nxf5 38. Qxf5+ Kg7 39. Rfg2 Rh6 40. Rc2 Rh8
41. Rc3 Qf7 42. Qxb5 Rh1+ 43. Kg2 Re1 44. Rxg5+ Kf8 45. Rg4 Qxa2+ 46. Kf3 Qf7
47. Qd3 Qe6 48. Qc4 Qf5+ 49. Rf4 Rxe4 50. Rxf5 Rxc4+ 51. Ke2 Rxc3 52. Rxf6+ Ke7
53. Rh6 Kd7 54. Rh7+ Kc6 55. b5+ Kb6 56. Rh6 Kc5 57. Rh7 Bd5 58. Rc7+ Kd4 59.
Rd7 Bc4+ 60. Kd2 Rd3+ 61. Kc2 Kc5 62. Rb7 d5 63. Rb8 Rb3 64. Rc8+ Kd4 65. Rh8
Rxb5 66. Rh4+ Kc5 67. Rg4 d4 68. Rh4 d3+ 69. Kc3 Rb3+ 70. Kd2 Kb4 71. Rd4 Rb2+
72. Kc1 Rc2+ 73. Kb1 Kc3 74. Rh4 Rg2 75. Rh1 d2 76. Rh3+ Bd3+ 0-1

[Event "Cracovia 2008 op A"]
[Site "Krakow"]
[Date "2008.12.29"]
[Round "4.49"]
[White "Moryc, Ignacy"]
[Black "Turcheniac, Mariya"]
[Result "1-0"]
[WhiteElo "2154"]
[BlackElo "1979"]
[PlyCount "81"]
[EventDate "2008.??.??"]

1. e4 d5 2. exd5 Qxd5 3. Nc3 Qd6 4. d4 Nf6 5. Be2 a6 6. Nf3 Bg4 7. Be3 Nc6 8.
Qd2 e5 9. dxe5 Nxe5 10. Nxe5 Qxe5 11. Bf4 Qe7 12. O-O-O Be6 13. Qe3 Qc5 14.
Qxc5 Bxc5 15. Bxc7 Bxf2 16. Bf3 O-O 17. Bd6 Rab8 18. Bxb8 Rxb8 19. Ne4 Nxe4 20.
Bxe4 Be3+ 21. Kb1 Kf8 22. Rhf1 Bc4 23. Bd3 Bd5 24. Rfe1 Bb6 25. Be4 Bxe4 26.
Rxe4 Bc7 27. Rd7 Bd8 28. c4 a5 29. Kc2 Bf6 30. a3 b5 31. c5 Rc8 32. b4 axb4 33.
axb4 Ra8 34. c6 Ra2+ 35. Kd1 Ra8 36. c7 Rc8 37. Ke2 h6 38. Kf3 Bg5 39. Re5 Bf6
40. Rxb5 Ke8 41. Rbd5 1-0

[Event "Cracovia 2008 op A"]
[Site "Krakow"]
[Date "2008.12.29"]
[Round "4.50"]
[White "Gawronski, Lukasz"]
[Black "Skawinski, Arkadiusz"]
[Result "1/2-1/2"]
[WhiteElo "2066"]
[BlackElo "2154"]
[PlyCount "82"]
[EventDate "2008.??.??"]

1. e4 e6 2. d4 d5 3. exd5 exd5 4. Nf3 Nc6 5. Be2 Bd6 6. O-O Nge7 7. Bg5 f6 8.
Bh4 Bf5 9. c4 dxc4 10. Bxc4 Bg4 11. d5 Ne5 12. Bb5+ Kf8 13. Be2 Bxf3 14. Bxf3
Nxf3+ 15. Qxf3 Nxd5 16. Nc3 Nxc3 17. bxc3 Rb8 18. Rad1 Qd7 19. Bg3 Kf7 20. Bxd6
cxd6 21. Qh5+ g6 22. Qd5+ Qe6 23. Qa5 a6 24. Rfe1 Qc4 25. Rxd6 Rhe8 26. Rd7+
Kg8 27. Red1 Qc6 28. h3 Re1+ 29. Rxe1 Qxd7 30. Qb4 Rd8 31. Re7 Qd1+ 32. Kh2
Qd6+ 33. Qxd6 Rxd6 34. Rxb7 Rd2 35. a4 Ra2 36. Rb4 a5 37. Rf4 Kf7 38. Kg3 Ra3
39. Rc4 Ke6 40. Rc6+ Ke7 41. Kf3 Rxa4 1/2-1/2

[Event "Cracovia 2008 op A"]
[Site "Krakow"]
[Date "2008.12.29"]
[Round "4.51"]
[White "Drozdowski, Kacper"]
[Black "Sroka, Janusz"]
[Result "1-0"]
[WhiteElo "2039"]
[BlackElo "2129"]
[PlyCount "119"]
[EventDate "2008.??.??"]

1. e4 e5 2. Nf3 d6 3. Bc4 Nd7 4. O-O Be7 5. Nc3 c6 6. d4 Ngf6 7. a4 a5 8. h3
O-O 9. Be3 Qc7 10. Qe2 h6 11. Rad1 Re8 12. dxe5 dxe5 13. Nh2 Nc5 14. Bc1 Be6
15. b3 Rad8 16. Be3 Bxc4 17. Qxc4 Ne6 18. Ne2 Nh5 19. Ng4 Bg5 20. Bxg5 hxg5 21.
g3 g6 22. Qc3 f6 23. Kg2 Kf7 24. Qe3 Rh8 25. Rh1 Rd7 26. Qf3 Ke7 27. Qe3 Rhd8
28. Rxd7+ Qxd7 29. Nc3 Qd2 30. Nd5+ Rxd5 31. exd5 Qxd5+ 32. f3 Nd4 33. c4 Qd6
34. Rd1 Kf7 35. Qd3 Kg7 36. Qd2 b6 37. Ne3 c5 38. Nc2 Kf7 39. Nxd4 exd4 40. Qf2
Ng7 41. Rd3 f5 42. Qe2 Kf6 43. Qe1 Ne6 44. Rd2 Qc6 45. Kf2 g4 46. hxg4 Ng5 47.
Rd3 fxg4 48. Qh1 Nh3+ 49. Kg2 Kg7 50. Qe1 Kf6 51. Qd2 Qe6 52. fxg4 Qxg4 53.
Rf3+ Kg7 54. Qe1 Qd7 55. Qe5+ Kh7 56. Rf6 Qg4 57. Rf7+ Kh6 58. Qg7+ Kg5 59.
Qf6+ Kh6 60. Qh4+ 1-0

[Event "Cracovia 2008 op A"]
[Site "Krakow"]
[Date "2008.12.29"]
[Round "4.52"]
[White "Golek, Jagoda"]
[Black "Musialkiewicz, Jan"]
[Result "1/2-1/2"]
[WhiteElo "2028"]
[BlackElo "2117"]
[PlyCount "41"]
[EventDate "2008.??.??"]

1. e4 c5 2. Nf3 e6 3. c4 Nc6 4. d4 cxd4 5. Nxd4 Nf6 6. Nc3 Bb4 7. Nxc6 dxc6 8.
Qc2 O-O 9. Bg5 Qd4 10. f3 Qe5 11. Be3 b5 12. Rc1 bxc4 13. Bxc4 Nd5 14. Bf2 f5
15. O-O Nxc3 16. bxc3 Bd6 17. g3 f4 18. g4 h5 19. h3 c5 20. Rcd1 Kf7 21. Kg2
1/2-1/2

[Event "Cracovia 2008 op A"]
[Site "Krakow"]
[Date "2008.12.29"]
[Round "4.53"]
[White "Kumor, Lukasz"]
[Black "Sowul, Bartosz"]
[Result "0-1"]
[WhiteElo "2105"]
[BlackElo "2000"]
[PlyCount "104"]
[EventDate "2008.??.??"]

1. e4 c5 2. Nc3 e6 3. f4 d5 4. e5 Nc6 5. Nf3 Bd7 6. g3 Qb6 7. d3 Nh6 8. Bh3 Be7
9. O-O O-O-O 10. g4 f6 11. exf6 gxf6 12. Ne2 Nxg4 13. Bxg4 Rdg8 14. Ng3 Rxg4
15. Ng5 h5 16. Nh3 e5 17. f5 Rhg8 18. Kh1 Rh4 19. Ng1 Rxg3 20. Qe1 Rgg4 21. Nf3
Nd4 22. Nxh4 Nxc2 23. Qf2 Nxa1 24. Ng6 Bd6 25. Bh6 d4 26. Nh4 Bc6+ 27. Nf3
Bxf3+ 28. Qxf3 Nc2 29. h3 Rg8 30. Rg1 Rxg1+ 31. Kxg1 Ne3 32. Qxh5 Qc6 33. Qg6
e4 34. Qg8+ Kc7 35. Qg7+ Qd7 36. Qxd7+ Kxd7 37. dxe4 Bg3 38. Bxe3 dxe3 39. Kf1
Kd6 40. Ke2 Bf4 41. Kf3 c4 42. h4 b5 43. h5 b4 44. Kxf4 e2 45. e5+ fxe5+ 46.
Kg5 e1=Q 47. h6 Qg3+ 48. Kf6 Qh4+ 49. Kg6 c3 50. bxc3 bxc3 51. f6 Ke6 52. Kh7
Qxf6 0-1

[Event "Cracovia 2008 op A"]
[Site "Krakow"]
[Date "2008.12.29"]
[Round "4.54"]
[White "Iwanow, Anna"]
[Black "Hermanowicz, Dominika"]
[Result "0-1"]
[WhiteElo "1961"]
[BlackElo "2084"]
[PlyCount "56"]
[EventDate "2008.??.??"]

1. e4 c5 2. Nf3 a6 3. Nc3 b5 4. d4 cxd4 5. Nxd4 b4 6. Nce2 Bb7 7. Ng3 Nf6 8.
Bd3 e5 9. Nf3 Nc6 10. O-O Bc5 11. Nf5 g6 12. Nh6 d5 13. Ng5 Rf8 14. Qe1 Qe7 15.
exd5 Nxd5 16. Bc4 O-O-O 17. Ne4 Ba7 18. c3 Nf4 19. Be3 f5 20. Ng3 Nxg2 21. Kxg2
Bxe3 22. fxe3 Na5+ 23. Kg1 Nxc4 24. cxb4 Nd2 25. Qc1+ Kb8 26. Rf2 Nf3+ 27. Kf1
Qh4 28. Qc5 Qxh6 0-1

[Event "Cracovia 2008 op A"]
[Site "Krakow"]
[Date "2008.12.29"]
[Round "4.55"]
[White "Nasuta, Grzegorz"]
[Black "Wisniowska, Klaudia"]
[Result "1-0"]
[WhiteElo "2081"]
[BlackElo "1988"]
[PlyCount "77"]
[EventDate "2008.??.??"]

1. e4 c5 2. Nf3 Nc6 3. d4 cxd4 4. Nxd4 e6 5. Nb5 d6 6. c4 a6 7. N5c3 Nf6 8. Be3
Be7 9. Bd3 O-O 10. O-O Qc7 11. f4 b6 12. Nd2 Rd8 13. Rc1 Bb7 14. Nd5 exd5 15.
cxd5 Rdc8 16. dxc6 Bxc6 17. Nc4 Nd7 18. e5 d5 19. Nd2 Qb7 20. Nf3 Nc5 21. Bb1
Ne4 22. Nd4 Bc5 23. Qg4 Bb5 24. Rfd1 Qe7 25. Rxc5 bxc5 26. Nf5 Qf8 27. Rxd5 Bc6
28. Bxe4 g6 29. Nd6 Bxd5 30. Bxd5 Rc7 31. Bxa8 Qxa8 32. Qf3 Qb8 33. b3 a5 34.
Qd5 Qb4 35. Kf2 Re7 36. Qa8+ Kg7 37. Ne8+ Kh6 38. f5+ g5 39. Qc6+ 1-0